[Event "66. Offene Kölner Stadtmeisterschaft"]
[Site "Köln"]
[Date "2026.05.14"]
[Round "3.7"]
[White "Kemp, Lutz"]
[Black "Riabtsev, Ivan"]
[Result "0-1"]
[WhiteElo "1880"]
[BlackElo "2084"]
[PlyCount "114"]
[WhiteTeam "SC Remagen-Sinzig e.V."]

1. d4 Nf6 2. Nf3 c5 3. e3 b6 4. Bd3 Bb7 5. Nbd2 g6 6. c3 Bg7 7. e4 O-O 8. O-O
d6 9. Re1 e6 10. Nf1 a6 11. Bg5 h6 12. Bh4 Qc7 13. Rc1 Nbd7 14. h3 Nh5 15. Bb1
Rac8 16. dxc5 dxc5 17. Be7 Rfe8 18. Bd6 Qd8 19. g4 Nhf6 20. Ng3 e5 21. Rc2 Bf8
22. Bxf8 Nxf8 23. Rd2 Qc7 24. Qc2 Ne6 25. Red1 Red8 26. Rxd8+ Rxd8 27. Rxd8+
Nxd8 28. Qd2 Qd7 29. Bc2 Qxd2 30. Nxd2 b5 31. a4 Ne6 32. axb5 axb5 33. f3 Nd7
34. b3 Kg7 35. h4 Kf6 36. Kf2 Bc6 37. Ngf1 Nf4 38. Ne3 Nf8 39. c4 b4 40. Nd5+
Ke6 41. Nf1 Kd6 42. Nfe3 N8e6 43. Nf6 Nd4 44. Ng8 h5 45. g5 Nfe2 46. Nf6 Nc1
47. Nf5+ gxf5 48. exf5 Ke7 49. Be4 Bxe4 50. fxe4 Nd3+ 51. Ke3 Nf4 52. Nd5+
Nxd5+ 53. cxd5 c4 54. bxc4 b3 55. g6 fxg6 56. fxg6 b2 57. d6+ Kf6 0-1

[Event "66. Offene Kölner Stadtmeisterschaft"]
[Site "Köln"]
[Date "2026.05.14"]
[Round "3.8"]
[White "Tibi, Anwar"]
[Black "Wambecq, Ward"]
[Result "0-1"]
[WhiteElo "1841"]
[BlackElo "2076"]
[PlyCount "98"]
[WhiteTeam "SV Erftstadt e. V."]

1. e4 c5 2. Nf3 Nc6 3. c3 Nf6 4. e5 Nd5 5. d4 cxd4 6. cxd4 d6 7. Bc4 Nb6 8. Bb3
dxe5 9. dxe5 Qxd1+ 10. Bxd1 g6 11. O-O Bg7 12. Re1 O-O 13. Bd2 Be6 14. Bc3 Bd5
15. Nbd2 Rfd8 16. Bb3 Bxb3 17. Nxb3 Na4 18. Nbd4 Nxc3 19. bxc3 Rac8 20. Rad1
Na5 21. Ne2 h6 22. Rxd8+ Rxd8 23. h3 e6 24. Ned4 Rd5 25. Rb1 Bxe5 26. Nb5 Bb8
27. Nbd4 e5 28. Nb3 Nc4 29. Kf1 Kg7 30. Ke2 b6 31. Nfd2 Nxd2 32. Nxd2 f5 33. c4
Rc5 34. Rb3 e4 35. Rb5 Bd6 36. a4 Kf6 37. Rb2 Bf4 38. Rb4 Bxd2 39. Kxd2 Ke5 40.
Kc3 Ra5 41. g3 g5 42. g4 f4 43. Kd2 f3 44. Kc3 e3 45. fxe3 f2 46. Rb1 Ke4 47.
Kd2 Kf3 48. Ra1 Kg2 49. Ke2 Rxa4 0-1

[Event "66. Offene Kölner Stadtmeisterschaft"]
[Site "Köln"]
[Date "2026.05.14"]
[Round "3.9"]
[White "Marcziter, Alex"]
[Black "Chittur Subramanian, Ashwath"]
[Result "1-0"]
[WhiteElo "2066"]
[BlackElo "1814"]
[PlyCount "47"]
[WhiteTeam "SG Porz e. V."]
[BlackTeam "Brühler SK 1920 e. V."]

1. Nf3 d5 2. g3 Nf6 3. Bg2 e6 4. b3 Bd6 5. Bb2 O-O 6. c4 Re8 7. O-O c6 8. d4
Ne4 9. e3 f5 10. Ne5 Nd7 11. f3 Ng5 12. Nxd7 Qxd7 13. Nc3 b6 14. Re1 Ba6 15.
Bf1 Bb7 16. e4 dxe4 17. fxe4 Bb4 18. Bg2 fxe4 19. Nxe4 Nxe4 20. Rxe4 c5 21. a3
Ba5 22. Qh5 Bxe4 23. Bxe4 g6 24. Qe5 1-0

[Event "66. Offene Kölner Stadtmeisterschaft"]
[Site "Köln"]
[Date "2026.05.14"]
[Round "3.10"]
[White "Krähmer, Philipp"]
[Black "Quinones-Maletti, Julio Guillermo"]
[Result "0-1"]
[WhiteElo "1812"]
[BlackElo "2058"]
[PlyCount "90"]
[WhiteTeam "Klub Kölner SF e. V."]
[BlackTeam "SG Porz e. V."]

1. Nf3 Nf6 2. g3 c5 3. Bg2 Nc6 4. O-O e6 5. c4 Qb6 6. e3 d5 7. cxd5 Nxd5 8. d4
cxd4 9. Nxd4 Nxd4 10. Qxd4 Qxd4 11. exd4 Bb4 12. Bd2 Bxd2 13. Nxd2 Ke7 14. Nc4
b6 15. Rfe1 Bb7 16. Ne3 Nxe3 17. fxe3 Bxg2 18. Kxg2 Rac8 19. Rac1 e5 20. Kf3
Ke6 21. Ke2 Rhd8 22. Kd3 Rxc1 23. Rxc1 exd4 24. exd4 Rd7 25. Rc2 f5 26. Re2+
Kd6 27. Kc4 Rc7+ 28. Kd3 Rf7 29. Rf2 g6 30. g4 Kd5 31. gxf5 Rxf5 32. Rxf5+ gxf5
33. Ke3 a5 34. h4 a4 35. b4 a3 36. b5 f4+ 37. Kxf4 Kxd4 38. h5 Kc3 39. Ke3 Kb2
40. Kd2 Kxa2 41. Kc2 h6 42. Kc1 Kb3 43. Kb1 Kc3 44. Ka1 Kb4 45. Ka2 Ka4 0-1

[Event "66. Offene Kölner Stadtmeisterschaft"]
[Site "Köln"]
[Date "2026.05.15"]
[Round "4.1"]
[White "Wambecq, Ward"]
[Black "Grabowski, Pawel"]
[Result "0-1"]
[WhiteElo "2076"]
[BlackElo "2255"]
[PlyCount "108"]
[BlackTeam "SC Remagen-Sinzig e.V."]

1. e4 e5 2. Nf3 Nc6 3. Bb5 a6 4. Ba4 Nf6 5. O-O Be7 6. Re1 b5 7. Bb3 d6 8. c3
O-O 9. h3 Bb7 10. d4 Nd7 11. a4 exd4 12. cxd4 Nb4 13. Nc3 c5 14. axb5 axb5 15.
Rxa8 Qxa8 16. Nxb5 Bxe4 17. Nd2 Bc6 18. Rxe7 Bxb5 19. Ne4 Nd5 20. Rxd7 Bxd7 21.
dxc5 Be6 22. Nxd6 Qc6 23. Qd4 Nc7 24. Bc2 Qd5 25. Qh4 f5 26. Be3 Ne8 27. Qe7
Nxd6 28. Qxd6 Qxd6 29. cxd6 Rb8 30. Ba4 f4 31. Bxf4 Rb4 32. d7 Bxd7 33. Bxd7
Rxf4 34. Be6+ Kf8 35. b3 Ke7 36. Bc4 Rd4 37. g3 g5 38. g4 Kd6 39. Kg2 Rf4 40.
Kg3 Kc5 41. h4 h6 42. hxg5 hxg5 43. Be6 Kd4 44. Bf5 Kc3 45. f3 Kxb3 46. Be4 Kc3
47. Bc6 Kd4 48. Be4 Ke3 49. Bb7 Ra4 50. Bc6 Ra1 51. Be4 Rg1+ 52. Kh2 Kf2 53.
Bd5 Rd1 54. Be4 Rd6 0-1

[Event "66. Offene Kölner Stadtmeisterschaft"]
[Site "Köln"]
[Date "2026.05.15"]
[Round "4.2"]
[White "Riemland, Arnold"]
[Black "Marcziter, Alex"]
[Result "1-0"]
[WhiteElo "2145"]
[BlackElo "2066"]
[PlyCount "99"]
[WhiteTeam "SG Kalker/Deutze"]
[BlackTeam "SG Porz e. V."]

1. d4 Nf6 2. c4 g6 3. Nc3 d5 4. cxd5 Nxd5 5. e4 Nxc3 6. bxc3 Bg7 7. Nf3 c5 8.
Bb5+ Nc6 9. O-O O-O 10. d5 Qa5 11. Rb1 Ne5 12. Bd2 Bg4 13. Be2 Nxf3+ 14. gxf3
Bh3 15. Re1 Bxc3 16. Rb5 Bxd2 17. Rxa5 Bxa5 18. Rf1 Bxf1 19. Bxf1 Bc3 20. f4 f6
21. d6 Bd4 22. dxe7 Rfe8 23. Qb3+ Kg7 24. Qxb7 c4 25. Qd5 c3 26. Bd3 Rac8 27.
Qxd4 c2 28. Bxc2 Rxc2 29. e5 fxe5 30. Qxe5+ Kf7 31. Qd5+ Kf6 32. Qd4+ Kf7 33.
Qxa7 Rxe7 34. Qd4 Ree2 35. a4 Ra2 36. Kg2 Red2 37. Qa7+ Ke6 38. a5 Rd5 39. Qb6+
Kd7 40. Qb7+ Kd6 41. a6 Rda5 42. Qxh7 Rxa6 43. Qxg6+ Ke7 44. Qg7+ Ke6 45. h4
R2a5 46. h5 Kf5 47. Qf7+ Kg4 48. h6 Rxh6 49. f3+ Kh4 50. Qg8 1-0

[Event "66. Offene Kölner Stadtmeisterschaft"]
[Site "Köln"]
[Date "2026.05.15"]
[Round "4.3"]
[White "Riabtsev, Ivan"]
[Black "Quinones-Maletti, Julio Guillermo"]
[Result "1/2-1/2"]
[WhiteElo "2084"]
[BlackElo "2058"]
[PlyCount "62"]
[BlackTeam "SG Porz e. V."]

1. d4 Nf6 2. c4 e6 3. Nc3 Bb4 4. Qc2 d6 5. a3 Bxc3+ 6. Qxc3 O-O 7. Bg5 h6 8.
Bh4 b6 9. Qf3 c6 10. Bxf6 Qxf6 11. Qxf6 gxf6 12. g3 Ba6 13. Rc1 Nd7 14. Nf3 c5
15. dxc5 bxc5 16. Nd2 Rab8 17. b3 Bb7 18. Rg1 Ne5 19. f4 Ng4 20. h3 Ne3 21. Kf2
Nxf1 22. Rgxf1 f5 23. Rc3 Bc6 24. Rd1 Rfd8 25. Rb1 a5 26. a4 Kf8 27. Rd1 Ke7
28. Nb1 Be4 29. Na3 Rd7 30. Nb5 h5 31. h4 Rbd8 1/2-1/2

[Event "66. Offene Kölner Stadtmeisterschaft"]
[Site "Köln"]
[Date "2026.05.15"]
[Round "4.5"]
[White "Guelsen, Taylan"]
[Black "Vlasov, Igor"]
[Result "1-0"]
[WhiteElo "2088"]
[BlackElo "2215"]
[PlyCount "129"]
[BlackTeam "Brühler SK 1920 e. V."]

1. c4 e6 2. Nc3 d5 3. d4 Nf6 4. cxd5 exd5 5. Bg5 c6 6. e3 Nbd7 7. Bd3 Be7 8. h3
O-O 9. Qc2 Re8 10. Bf4 Nf8 11. Nf3 Ne6 12. Be5 g6 13. g4 Ng7 14. O-O-O Bb4 15.
g5 Nfh5 16. a3 Bxc3 17. Qxc3 Bf5 18. Bxg7 Bxd3 19. Qxd3 Kxg7 20. h4 Rc8 21. Kb1
Re6 22. Rc1 Kg8 23. Nh2 Re4 24. Nf1 Qe7 25. Nd2 Re6 26. Rhe1 b6 27. Nf3 Re8 28.
Qb3 Rd6 29. Ne5 c5 30. f4 c4 31. Qb5 Rc8 32. Ka2 Qb7 33. Ng4 a6 34. Nh6+ Kg7
35. Qb4 Qc6 36. f5 a5 37. Qc3 f6 38. fxg6 hxg6 39. e4 dxe4 40. d5 Qxd5 41. Rcd1
Qxd1 42. Rxd1 Rxd1 43. Ng4 Rc6 44. gxf6+ Nxf6 45. Ne5 Rc5 46. Qg3 Rxe5 47. Qxe5
Rd7 48. Qe6 b5 49. Kb1 Rf7 50. Kc2 Rf8 51. Qe7+ Rf7 52. Qc5 b4 53. Qxa5 bxa3
54. bxa3 Re7 55. Qc5 Re8 56. Kd2 e3+ 57. Ke2 Re4 58. Qc7+ Kh6 59. Qd8 Kg7 60.
Qc7+ Kh6 61. Qf7 Rf4 62. Qf8+ Kh7 63. Qe7+ Kg8 64. Qd8+ Kf7 65. Qc7+ 1-0

[Event "66. Offene Kölner Stadtmeisterschaft"]
[Site "Köln"]
[Date "2026.05.15"]
[Round "4.6"]
[White "Van den Bosch, Arno"]
[Black "Raasch, Jörg"]
[Result "1-0"]
[WhiteElo "2006"]
[BlackElo "2185"]
[PlyCount "113"]
[BlackTeam "Klub Kölner SF e. V."]

1. e4 e6 2. d4 d5 3. Nd2 c5 4. Ngf3 cxd4 5. Nxd4 Nc6 6. Bb5 Bd7 7. Nxc6 bxc6 8.
Bd3 Bd6 9. Qe2 Qc7 10. Nf3 e5 11. exd5 cxd5 12. Nxe5 Bxe5 13. f4 Ne7 14. fxe5
Ng6 15. O-O O-O 16. Be3 Nxe5 17. Bd4 Nxd3 18. Qxd3 Rae8 19. Rae1 Rxe1 20. Rxe1
Re8 21. Rxe8+ Bxe8 22. Qe3 Bb5 23. Qg5 f5 24. Qxf5 Qc4 25. c3 a6 26. b3 Qc6 27.
Qf3 Qe6 28. Qg3 Qe7 29. h3 h6 30. Qb8+ Kh7 31. Qe5 Qf7 32. a4 Bd3 33. b4 Qg6
34. Kh2 Be4 35. Qg3 Bd3 36. b5 axb5 37. a5 Bf5 38. a6 Bc8 39. a7 Bb7 40. Qc7
Ba8 41. Qd7 h5 42. Qxb5 Qf7 43. Qb8 Qb7 44. Qe8 Kh6 45. Be3+ g5 46. Qe6+ Kh7
47. Qf5+ Kh8 48. Qg6 Qc7+ 49. Kg1 Qxc3 50. Qxh5+ Kg7 51. Qxg5+ Kf7 52. Qf4+ Ke6
53. Bd4 Qc6 54. Qf6+ Kd7 55. Qxc6+ Kxc6 56. Kf2 Kd6 57. g4 1-0

[Event "66. Offene Kölner Stadtmeisterschaft"]
[Site "Köln"]
[Date "2026.05.15"]
[Round "4.7"]
[White "Huesmann, Thomas"]
[Black "Nguyen, Khoi"]
[Result "1-0"]
[WhiteElo "2182"]
[BlackElo "2093"]
[PlyCount "133"]
[WhiteTeam "Aachener SV 1856 e. V."]

1. e4 e6 2. d4 d5 3. Nc3 Bb4 4. e5 Ne7 5. a3 Bxc3+ 6. bxc3 c5 7. Nf3 b6 8. Bb5+
Bd7 9. Bd3 Ba4 10. O-O c4 11. Be2 h6 12. Ne1 Qd7 13. f4 Na6 14. g4 g6 15. Ng2
O-O-O 16. Ne3 Nc7 17. Bd2 Nb5 18. Kh1 Kb8 19. Bf3 Rdf8 20. Qe2 Nc7 21. Be1 f5
22. exf6 Rxf6 23. Bg3 Rff8 24. Rab1 h5 25. gxh5 gxh5 26. Bxh5 Nc8 27. Bf3 Nd6
28. Rb4 Na6 29. Rb2 Nc7 30. Kg1 Qh7 31. Re1 Rhg8 32. Bg2 Be8 33. f5 Bh5 34. Qd2
Nxf5 35. Nxf5 Rxf5 36. a4 Kb7 37. Qe3 Qf7 38. Rbb1 Bf3 39. Rf1 Bxg2 40. Kxg2
Rf8 41. Rfe1 Qh7 42. Qe2 Qg6 43. Rf1 Qg5 44. Rxf5 exf5 45. Qe5 Qd2+ 46. Kh1 f4
47. Bh4 Re8 48. Qf5 Re2 49. Qh3 Qxc2 50. Rf1 Re3 51. Qg2 Qxc3 52. Rxf4 Qa1+ 53.
Rf1 Qxa4 54. Bg3 Qe8 55. Be5 Qe7 56. Qf2 Rh3 57. Qg2 Qh7 58. Kg1 Rh5 59. Qf3
Rg5+ 60. Kh1 Rg8 61. Bxc7 Kxc7 62. Qxd5 Rg7 63. Qxc4+ Kb7 64. Qd5+ Kc8 65. Qc6+
Kd8 66. Rf8+ Ke7 67. Re8+ 1-0

[Event "66. Offene Kölner Stadtmeisterschaft"]
[Site "Köln"]
[Date "2026.05.15"]
[Round "4.8"]
[White "Nagel, Bernhard"]
[Black "Karimi, Farhad"]
[Result "1/2-1/2"]
[WhiteElo "2180"]
[BlackElo "2045"]
[PlyCount "112"]
[WhiteTeam "Kölner SK Dr. Lasker 186"]
[BlackTeam "Klub Kölner SF e. V."]

1. e4 c5 2. c3 Nf6 3. e5 Nd5 4. d4 cxd4 5. Nf3 Nc6 6. Bc4 Nb6 7. Bb3 d5 8. exd6
Qxd6 9. Nxd4 Nxd4 10. cxd4 Be6 11. O-O Rd8 12. Bxe6 Qxe6 13. Nc3 Qc4 14. Qf3
Nd5 15. Be3 Nxc3 16. bxc3 Qd5 17. Qxd5 Rxd5 18. Rab1 Rd7 19. Rb5 g6 20. Rfb1 b6
21. a4 Bg7 22. a5 O-O 23. axb6 axb6 24. Rxb6 e5 25. dxe5 Bxe5 26. c4 Bd4 27.
R6b3 Bxe3 28. Rxe3 Rc8 29. Rc3 Rdc7 30. Rbc1 Kf8 31. Kf1 Ke7 32. c5 Rc6 33. Ke2
Kd7 34. Kd3 Rf6 35. f3 Kc7 36. Ra3 Rb8 37. Ra7+ Rb7 38. Rxb7+ Kxb7 39. Rc2 Kc6
40. Ke4 h5 41. h4 Rf5 42. g4 hxg4 43. fxg4 Rf1 44. Rh2 f5+ 45. gxf5 Rxf5 46.
Rg2 Rxc5 47. Rxg6+ Kd7 48. Kf4 Ke7 49. Kg4 Kf7 50. h5 Re5 51. Kh4 Rb5 52. Rg3
Rb4+ 53. Kg5 Kg7 54. Rf3 Rb5+ 55. Rf5 Rxf5+ 56. Kxf5 Kh6 1/2-1/2

[Event "66. Offene Kölner Stadtmeisterschaft"]
[Site "Köln"]
[Date "2026.05.15"]
[Round "4.9"]
[White "Eigemann, Frederik"]
[Black "Keller, Thomas"]
[Result "1/2-1/2"]
[WhiteElo "2004"]
[BlackElo "2176"]
[PlyCount "28"]
[BlackTeam "Brühler SK 1920 e. V."]

1. d4 Nf6 2. Bg5 d5 3. e3 c5 4. Bxf6 gxf6 5. c4 cxd4 6. Qxd4 Be6 7. cxd5 Qxd5
8. Qxd5 Bxd5 9. Nc3 Bc6 10. Nb5 Na6 11. Rd1 e6 12. a3 Bc5 13. Nf3 Ke7 14. Nfd4
Bxd4 1/2-1/2

[Event "66. Offene Kölner Stadtmeisterschaft"]
[Site "Köln"]
[Date "2026.05.15"]
[Round "4.10"]
[White "Singh, Marcel"]
[Black "Koehler, Ronald"]
[Result "0-1"]
[WhiteElo "1962"]
[BlackElo "2151"]
[PlyCount "46"]
[WhiteTeam "Eschweiler SC 1921 e. V."]
[BlackTeam "Kölner SK Dr. Lasker 186"]

1. e4 c5 2. c3 Nf6 3. e5 Nd5 4. d4 cxd4 5. cxd4 d6 6. Bc4 Nb6 7. Bb5+ Bd7 8. e6
Bxb5 9. Qh5 Qc8 10. Qxb5+ Kd8 11. Be3 fxe6 12. Nc3 Qc4 13. Qh5 g6 14. Qg4 N8d7
15. Nf3 Nc5 16. dxc5 Qxg4 17. cxb6 Qxg2 18. Ke2 Qg4 19. bxa7 Bg7 20. Bb6+ Kd7
21. Rhd1 Rhf8 22. Rd3 Rxf3 23. Rxf3 Rf8 0-1

[Event "66. Offene Kölner Stadtmeisterschaft"]
[Site "Köln"]
[Date "2026.05.16"]
[Round "5.1"]
[White "Riemland, Arnold"]
[Black "Huesmann, Thomas"]
[Result "1-0"]
[WhiteElo "2145"]
[BlackElo "2182"]
[PlyCount "91"]
[WhiteTeam "SG Kalker/Deutze"]
[BlackTeam "Aachener SV 1856 e. V."]

1. d4 f5 2. Bf4 Nf6 3. e3 e6 4. Nf3 b6 5. c4 Bb4+ 6. Nc3 Bxc3+ 7. bxc3 O-O 8.
h3 Bb7 9. Bd3 d6 10. Qe2 Nbd7 11. Bh2 Ne4 12. Bxe4 Bxe4 13. O-O Bb7 14. Nd2 e5
15. c5 dxc5 16. dxe5 Qe8 17. f4 Qg6 18. Rfe1 Rfd8 19. e4 Nf8 20. exf5 Qxf5 21.
Nf3 Ng6 22. Ng5 h6 23. g4 Qd3 24. Qxd3 Rxd3 25. Ne4 Nh4 26. Kf2 Rf3+ 27. Kg1
Rxh3 28. Kf2 Rxh2+ 29. Kg3 Rg2+ 30. Kxh4 Rd8 31. e6 Rd3 32. g5 Rh2+ 33. Kg4 h5+
34. Kf5 Rd5+ 35. Kg6 Bc6 36. Nf6+ gxf6 37. Kxf6 Rf2 38. Rf1 Rfd2 39. f5 Bb5 40.
Rf4 Rd8 41. Re1 Rf8+ 42. Kg6 Re2 43. Rxe2 Bxe2 44. f6 Bd3+ 45. Kh6 Rc8 46. g6
1-0

[Event "66. Offene Kölner Stadtmeisterschaft"]
[Site "Köln"]
[Date "2026.05.16"]
[Round "5.2"]
[White "Menzel, Maximilian"]
[Black "Guelsen, Taylan"]
[Result "1-0"]
[WhiteElo "2150"]
[BlackElo "2088"]
[PlyCount "59"]
[WhiteTeam "SG Porz e. V."]

1. d4 d5 2. Nf3 Nf6 3. c4 dxc4 4. e3 e6 5. Bxc4 a6 6. O-O c5 7. a4 b6 8. Qe2
Bb7 9. Rd1 Qc7 10. Nc3 Nc6 11. d5 exd5 12. Bxd5 Nb4 13. e4 O-O-O 14. Bf4 Qxf4
15. Bxb7+ Kxb7 16. Rxd8 Nc6 17. Rdd1 Nd4 18. Nxd4 cxd4 19. Nd5 Nxd5 20. exd5
Bc5 21. a5 b5 22. Rac1 Rc8 23. g3 Qf5 24. d6 d3 25. Qe7+ Kb8 26. Rxc5 Qxc5 27.
Rxd3 Qc1+ 28. Kg2 Qc6+ 29. Rf3 Re8 30. d7 1-0

[Event "66. Offene Kölner Stadtmeisterschaft"]
[Site "Köln"]
[Date "2026.05.16"]
[Round "5.3"]
[White "Wiekert, Martin"]
[Black "Riabtsev, Ivan"]
[Result "1-0"]
[WhiteElo "2136"]
[BlackElo "2084"]
[PlyCount "129"]
[WhiteTeam "Kölner SK Dr. Lasker 186"]

1. d4 d5 2. Nf3 Nf6 3. c3 g6 4. Bf4 Bg7 5. h3 O-O 6. Nbd2 b6 7. e3 Bb7 8. Be2
Nfd7 9. O-O c5 10. b4 c4 11. Qc2 b5 12. a4 a6 13. Rfe1 Nc6 14. e4 e5 15. Bg5 f6
16. Be3 exd4 17. Nxd4 Nxd4 18. Bxd4 dxe4 19. Nxe4 f5 20. Nc5 Nxc5 21. Bxc5 Re8
22. Rad1 Qg5 23. Bf1 Be4 24. Qb2 Be5 25. Bd4 Bxd4 26. Rxd4 Bc6 27. h4 Qf6 28.
Rxe8+ Rxe8 29. Qd2 Kg7 30. Qf4 Re7 31. a5 Rd7 32. Rxd7+ Bxd7 33. Qc7 Qc6 34.
Qa7 f4 35. Qd4+ Kg8 36. Qxf4 Bf5 37. Be2 Be4 38. Bf1 h5 39. Qb8+ Kh7 40. Qa7+
Kh6 41. Qd4 Kh7 42. f3 Bf5 43. Be2 Qe6 44. Kf2 Qe7 45. g3 Bb1 46. Qb6 Bd3 47.
Qe3 Qd7 48. Bxd3 cxd3 49. Qd4 Qh3 50. Qxd3 Qh2+ 51. Ke3 Qxg3 52. Qe4 Qg1+ 53.
Kd3 Qd1+ 54. Ke3 Qg1+ 55. Kd2 Qf2+ 56. Kd3 Qf1+ 57. Qe2 Qh1 58. Qe7+ Kh6 59.
Qf6 Qf1+ 60. Ke3 Qg1+ 61. Ke4 Qa7 62. Qh8+ Qh7 63. Qxh7+ Kxh7 64. f4 Kg7 65. c4
1-0

[Event "66. Offene Kölner Stadtmeisterschaft"]
[Site "Köln"]
[Date "2026.05.16"]
[Round "5.4"]
[White "Quinones-Maletti, Julio Guillermo"]
[Black "Pieper, Dawid"]
[Result "1/2-1/2"]
[WhiteElo "2058"]
[BlackElo "2119"]
[PlyCount "22"]
[WhiteTeam "SG Porz e. V."]
[BlackTeam "Bergische SF Bergisch"]

1. c4 e6 2. Nc3 d5 3. d4 Nf6 4. Nf3 Be7 5. Bf4 O-O 6. e3 c5 7. cxd5 Nxd5 8.
Nxd5 exd5 9. Be2 cxd4 10. exd4 Bb4+ 11. Bd2 Bxd2+ 1/2-1/2

[Event "66. Offene Kölner Stadtmeisterschaft"]
[Site "Köln"]
[Date "2026.05.16"]
[Round "5.5"]
[White "Van den Bosch, Arno"]
[Black "Arts, Stefan"]
[Result "1/2-1/2"]
[WhiteElo "2006"]
[BlackElo "2099"]
[PlyCount "84"]
[BlackTeam "Uedemer SC 1948 e. V."]

1. e4 e5 2. Nf3 Nc6 3. Bb5 a6 4. Ba4 d6 5. c3 Nge7 6. d4 Bd7 7. O-O Ng6 8. c4
Be7 9. Nc3 h6 10. Be3 Bg5 11. Nxg5 hxg5 12. d5 Nb8 13. c5 Nf4 14. cxd6 cxd6 15.
Bxd7+ Nxd7 16. a4 Qf6 17. f3 Qh6 18. h3 Qh4 19. Rf2 Qg3 20. Kf1 g6 21. Ne2 Nxe2
22. Rxe2 f5 23. Qe1 Qxe1+ 24. Rexe1 g4 25. hxg4 fxe4 26. f4 exf4 27. Bxf4 O-O
28. Rxe4 g5 29. g3 Nc5 30. Rc4 gxf4 31. gxf4 Nd3 32. f5 Rac8 33. Rd4 Nxb2 34.
Rb4 Nc4 35. Rxb7 Ne3+ 36. Ke2 Nxd5 37. Kd3 Rf7 38. Rab1 Rfc7 39. Rxc7 Rxc7 40.
Kd4 Nc3 41. Rb6 d5 42. g5 Nxa4 1/2-1/2

[Event "66. Offene Kölner Stadtmeisterschaft"]
[Site "Köln"]
[Date "2026.05.16"]
[Round "5.6"]
[White "Marcziter, Alex"]
[Black "Stillger, Bernhard"]
[Result "1/2-1/2"]
[WhiteElo "2066"]
[BlackElo "2245"]
[PlyCount "40"]
[WhiteTeam "SG Porz e. V."]
[BlackTeam "SV Mülheim-Nord 1931 e"]

1. Nf3 Nf6 2. g3 b5 3. Bg2 Bb7 4. O-O c5 5. b3 e6 6. Bb2 Be7 7. c4 a6 8. e3 O-O
9. d4 bxc4 10. bxc4 cxd4 11. exd4 d6 12. Nbd2 Nbd7 13. a4 Rb8 14. Ba3 Ne4 15.
Re1 Ndf6 16. Qc2 Nxd2 17. Nxd2 Bxg2 18. Kxg2 Qc7 19. Rab1 Rfc8 20. f3 h6
1/2-1/2

[Event "66. Offene Kölner Stadtmeisterschaft"]
[Site "Köln"]
[Date "2026.05.16"]
[Round "5.7"]
[White "Balduan, Markus"]
[Black "Klemenz, Luca"]
[Result "1-0"]
[WhiteElo "2233"]
[BlackElo "2033"]
[PlyCount "125"]
[WhiteTeam "DJK Aufwärts St. Josef Aachen 19"]
[BlackTeam "Klub Kölner SF e. V."]

1. c4 e5 2. g3 Nf6 3. Bg2 c6 4. Nf3 e4 5. Nd4 Qb6 6. Nb3 a5 7. e3 a4 8. Nd4 d5
9. cxd5 cxd5 10. Nc3 Qa5 11. d3 Nc6 12. O-O Nxd4 13. exd4 exd3 14. Bg5 Be7 15.
Bxf6 Bxf6 16. Nxd5 Bg5 17. h4 Bh6 18. Qxd3 O-O 19. Rfe1 Be6 20. Nc3 g6 21. Re5
Qd8 22. Bxb7 Rb8 23. Rb5 Bd7 24. Rb4 Re8 25. Qf3 Bf8 26. Rc4 Qb6 27. Bd5 Bf5
28. Nxa4 Qa5 29. b3 Rbd8 30. Bc6 Re1+ 31. Rxe1 Qxe1+ 32. Kh2 h5 33. Nc3 Bd6 34.
Qe3 Qa1 35. Bg2 Qb2 36. Nb5 Bf8 37. a4 Be6 38. d5 Bxd5 39. Qd4 Bg7 40. Qxb2
Bxb2 41. Bxd5 Rxd5 42. Kg2 Kg7 43. Rc2 Bf6 44. Re2 g5 45. hxg5 Bxg5 46. f4 Bf6
47. Kf3 Kg6 48. Ke4 Rd8 49. Re3 Rh8 50. Nd6 Rd8 51. Kd5 h4 52. gxh4 Bxh4 53. b4
Kh5 54. Re8 Rxe8 55. Nxe8 Kg4 56. Nd6 f5 57. Ke6 Kxf4 58. Nxf5 Bf2 59. a5 Ke4
60. b5 Kd3 61. Kd5 Kc3 62. a6 Kb4 63. Nd4 1-0

[Event "66. Offene Kölner Stadtmeisterschaft"]
[Site "Köln"]
[Date "2026.05.16"]
[Round "5.8"]
[White "Gramb, Marius"]
[Black "Eigemann, Frederik"]
[Result "1-0"]
[WhiteElo "2223"]
[BlackElo "2004"]
[PlyCount "81"]
[WhiteTeam "Brühler SK 1920 e. V."]

1. Nf3 Nf6 2. c4 e6 3. g3 b6 4. Bg2 Bb7 5. O-O Be7 6. Nc3 c5 7. d4 cxd4 8. Qxd4
d6 9. e4 O-O 10. b3 Nbd7 11. Bb2 a6 12. Qe3 Qc7 13. Nd4 Rfe8 14. Rad1 Rad8 15.
h3 Bf8 16. Rfe1 g6 17. Qe2 Bg7 18. Ndb5 axb5 19. Nxb5 Qb8 20. Nxd6 e5 21. Nxe8
Nxe8 22. Qd2 Bf8 23. h4 Be7 24. Qh6 Ng7 25. Bh3 Nc5 26. Rxd8+ Bxd8 27. Rd1 Bxe4
28. Bxe5 Qxe5 29. Rxd8+ Ne8 30. Bg2 Qe7 31. Qg5 f6 32. Qd2 Kf8 33. b4 Bxg2 34.
bxc5 Bc6 35. Rc8 Qxc5 36. Qd8 Kf7 37. h5 gxh5 38. Qd3 Kg7 39. Qe2 Kf8 40. Qe6
Qe7 41. Qxe7+ 1-0

[Event "66. Offene Kölner Stadtmeisterschaft"]
[Site "Köln"]
[Date "2026.05.16"]
[Round "5.9"]
[White "Karimi, Farhad"]
[Black "Ivic, Roman"]
[Result "1-0"]
[WhiteElo "2045"]
[BlackElo "2201"]
[PlyCount "87"]
[WhiteTeam "Klub Kölner SF e. V."]
[BlackTeam "DJK Aufwärts St. Josef Aachen 19"]

1. d4 Nf6 2. c4 c6 3. Nf3 d5 4. Nc3 dxc4 5. a4 Bf5 6. Ne5 Nbd7 7. Nxc4 Qc7 8.
f3 e5 9. g3 Bb4 10. dxe5 Nxe5 11. Bf4 Nfd7 12. Qd4 f6 13. Nxe5 Bxc3+ 14. Qxc3
fxe5 15. Bd2 O-O 16. Qb3+ Kh8 17. e4 Bg6 18. Be2 Bf7 19. Qe3 a5 20. O-O Nb6 21.
Rfc1 Rfd8 22. Rc5 Nd7 23. Rc3 Nf8 24. f4 Ne6 25. Bg4 Nd4 26. Rf1 Bg8 27. f5 Qd6
28. Bc1 Rf8 29. b3 b5 30. Bb2 Rab8 31. axb5 cxb5 32. Rd3 Nc2 33. Qd2 Qc5+ 34.
Rf2 Nb4 35. Rd7 h6 36. Kg2 Qc6 37. Bf3 Rbe8 38. Rd6 Qc5 39. Bh5 Rc8 40. f6 g5
41. f7 Bh7 42. Rxh6 Qe7 43. Qd7 Rc7 44. Rxh7+ 1-0

[Event "66. Offene Kölner Stadtmeisterschaft"]
[Site "Köln"]
[Date "2026.05.16"]
[Round "5.10"]
[White "Xue, Luka"]
[Black "Nagel, Bernhard"]
[Result "1/2-1/2"]
[WhiteElo "2029"]
[BlackElo "2180"]
[PlyCount "128"]
[WhiteTeam "Düsseldorfer SK 14/25 e."]
[BlackTeam "Kölner SK Dr. Lasker 186"]

1. d4 d5 2. c4 e6 3. Nc3 Nf6 4. cxd5 exd5 5. Bg5 c6 6. e3 Bf5 7. Qf3 Bg6 8.
Bxf6 Qxf6 9. Qxf6 gxf6 10. Nf3 Be7 11. g3 Nd7 12. Bh3 f5 13. Rg1 Nb6 14. Nh4
Bxh4 15. gxh4 Ke7 16. Ne2 Kf6 17. Nf4 h5 18. b3 Nc8 19. Ke2 Nd6 20. Rg2 Rae8
21. Rag1 Rh6 22. Nd3 a5 23. a4 f4 24. Nxf4 Bc2 25. Rg5 Bxb3 26. Ra1 Ne4 27.
Nxh5+ Ke7 28. Re5+ Kd8 29. Rxe8+ Kxe8 30. Ng7+ Kd8 31. Nf5 Rh7 32. f3 Bc4+ 33.
Ke1 Nf6 34. Kf2 Kc7 35. Kg3 Bd3 36. Kf4 Nd7 37. e4 Nb6 38. Ra2 Bc4 39. Ra3 dxe4
40. fxe4 Be6 41. Kg5 Nc4 42. Ra1 Nd2 43. Kf4 Bxf5 44. Bxf5 Rxh4+ 45. Kg3 Rh8
46. Rd1 Nc4 47. d5 Rd8 48. Rc1 Nd6 49. dxc6 Nxf5+ 50. exf5 bxc6 51. h4 Rd3+ 52.
Kg4 Rd4+ 53. Kg5 f6+ 54. Kxf6 Rxh4 55. Kg7 Rg4+ 56. Kh7 Rxa4 57. f6 Rf4 58. Kg7
Rg4+ 59. Kh7 Kd7 60. Re1 a4 61. f7 Rf4 62. Kg7 Rg4+ 63. Kh7 Rf4 64. Kg7 Rg4+
1/2-1/2

[Event "66. Offene Kölner Stadtmeisterschaft"]
[Site "Köln"]
[Date "2026.05.16"]
[Round "6.1"]
[White "Grabowski, Pawel"]
[Black "Riemland, Arnold"]
[Result "1/2-1/2"]
[WhiteElo "2255"]
[BlackElo "2145"]
[PlyCount "85"]
[WhiteTeam "SC Remagen-Sinzig e.V."]
[BlackTeam "SG Kalker/Deutze"]

1. d4 c5 2. c3 cxd4 3. cxd4 d5 4. Nf3 e6 5. Bf4 Bd6 6. Bxd6 Qxd6 7. e3 Nf6 8.
Bb5+ Bd7 9. Bd3 Nc6 10. Nc3 e5 11. Bb5 e4 12. Bxc6 Bxc6 13. Ne5 O-O 14. Rc1
Rfc8 15. O-O Nd7 16. Nxd7 Qxd7 17. Qh5 b5 18. Nb1 Bb7 19. Nd2 Rxc1 20. Rxc1 Rc8
21. Qd1 Rc6 22. Rxc6 Qxc6 23. Nb3 h6 24. Nc5 Bc8 25. Qh5 a5 26. Qe5 a4 27. h3
Kh7 28. Qb8 g6 29. Kf1 h5 30. Ke1 g5 31. a3 h4 32. Qe5 Kg6 33. Qh8 Qc7 34. Kf1
Be6 35. Kg1 Qa5 36. Kh2 Qd2 37. Qg8+ Kf6 38. Qh8+ Kg6 39. Qg8+ Kf6 40. Qh7 Qxf2
41. Qh6+ Kf5 42. Qh7+ Kf6 43. Qh6+ 1/2-1/2